|
|
|
|
| LEADER |
00000nam a22000007a 4500 |
| 005 |
20220409000812.0 |
| 007 |
cr|||| |||| |
| 008 |
220409s2020 br |||||s|||| 00||0 por d |
| 020 |
|
|
|a 978-85-301-0209-8
|
| 035 |
|
|
|a 36067
|
| 040 |
|
|
|a vLex
|
| 090 |
|
|
|c 13149
|d 13149
|
| 100 |
1 |
|
|a Husek, Carlos Roberto
|
| 245 |
1 |
0 |
|a Curso bs̀ico de direito internacional pb︢lico e privado do trabalho
|h [Recurso electrn̤ico] /
|c Carlos Roberto Husek
|
| 256 |
|
|
|a Servicio en ln̕ea
|
| 260 |
|
|
|a San Pablo:
|b LTR,
|c 2020
|
| 300 |
|
|
|a 1 recurso electrn̤ico
|
| 500 |
|
|
|a Este livro busca fazer um apanhado das figuras jurd̕icas mais importantes do Direito Internacional Pb︢lico do Trabalho – OIT, Convenė̳s Internacionais, vign̊cia interna e internacional – e do Direito Internacional Privado do Trabalho – elementos de conexô, aplicaȯ̂ da autonomia da vontade, lei de regn̊cia do contrato etc. –, explicitando, como se observa, denominaȯ̂ pouco usual para ambas as matřias, com a explicaȯ̂ didt̀ico-cientf̕ica da posiȯ̂ de ambas no campo de estudos do Direito. Assim, uniram-se, num mesmo e n︢ico Curso Bs̀ico, a preocupaȯ̂ internacional com regras trabalhistas e a prt̀ica laboral que se desenvolva fora do territr̤io de constituiȯ̂ da obrigaȯ̂. A justificativa para o casamento de matřias diferenciadas – embora tenham em comum a prestaȯ̂ de serviȯs – foi a necessidade do autor em transmitir aos alunos do bacharelado e, principalmente, da ps̤-graduaȯ̂, por vezes, num n︢ico md̤ulo, ambas as matřias, pois nô encontrava literatura suficiente para o desenvolvimento acadm̊ico preliminar, salvo uma ou duas obras consagradas em ḿbito nacional, como as citadas ao longo do Curso, em especial as de Arnaldo Süssekind. O objetivo, pois, ̌puramente didt̀ico, um primeiro passo para que em um futuro prx̤imo – iniciativa que o autor j ̀tomou – seja desenvolvido cada um dos seus temas separadamente e com a profundidade que merece.
|
| 506 |
1 |
|
|a Disponible solo en los productos indicados
|d vLex Global
|d vLex Global (Academic Edition, excluding Law Schools)
|d vLex Global (U.S. Academic Edition, Law Schools)
|d vLex Global (U.S. Academic Edition, excluding Law Schools)
|d vLex Global (Academic Edition, Law Schools)
|
| 650 |
0 |
4 |
|a Derecho Laboral y Seguridad Social
|z Brasil
|
| 650 |
0 |
4 |
|a Derecho Internacional
|z Brasil
|
| 740 |
0 |
|
|a vLex Libros (Servicio en ln̕ea)
|
| 856 |
4 |
0 |
|u https://app.vlex.com/#/sources/36067
|z Acceso restringido
|
| 942 |
|
|
|c BOOK
|
| 999 |
0 |
|
|a Labor Law and Social Security
|
| 999 |
0 |
|
|a International Law
|